| 000 | 00662nac a22001931u 4500 | ||
|---|---|---|---|
| 010 | _a99055358 | ||
| 020 | _a1884777872 | ||
| 082 | 0 | 0 |
_a005.72 _bW7462 |
| 090 |
_c537 _d537 |
||
| 100 | _aWilson, Mark, | ||
| 245 | 1 | 0 |
_aXML programming with VB & ASP / _cMark Wilson, Tracey Wilson. |
| 260 |
_aGreenwich, CT : _bManning,2000 _c2000. |
||
| 300 |
_axxiv, 289 p. : _bill. ; _c24 cm. |
||
| 500 | _aIncludes index. | ||
| 650 | 0 | _aXML (Document markup language) | |
| 700 | 1 | _aWilson, Tracey. | |
| 942 |
_cBB _k005.72W7462 |
||
| 999 |
_c537 _d537 |
||